[Event "Box Hill op"]
[Site "Box Hill"]
[Date "2019.12.20"]
[Round "9"]
[White "Dang, Ryan"]
[Black "Zou, Edwin"]
[Result "0-1"]
[WhiteElo "850"]
[BlackElo "1524"]
[PlyCount "122"]
[EventDate "2019.10.18"]
[EventType "swiss"]
[EventRounds "9"]
[EventCountry "AUS"]
[SourceTitle "EXT 2021"]
[Source "ChessBase"]
[SourceDate "2020.10.23"]
[SourceVersion "1"]
[SourceVersionDate "2020.10.23"]
[SourceQuality "1"]

1. e4 e5 2. Nf3 Nc6 3. d4 exd4 4. Bc4 Nf6 5. 0-0 Nxe4 6. Re1 d5 7. Bxd5 Qxd5 8. Nc3 Qa5 9. Nxe4 Be6 10. a3 0-0-0 11. Bd2 Qb6 12. b3 h6 13. b4 Be7 14. Rb1 Bg4 15. h3 Bxf3 16. Qxf3 Ne5 17. Qf5+ Qe6 18. Qxe6+ fxe6 19. Nc5 Nc4 20. Bc1 Bxc5 21. bxc5 Rhe8 22. Rb4 Na5 23. Bb2 Nc6 24. Rb3 Rd5 25. Rd3 Rxc5 26. Bxd4 Nxd4 27. Rxd4 Rxc2 28. Ra1 c5 29. Rdd1 Kc7 30. Rac1 Rxc1 31. Rxc1 Kc6 32. Kf1 Rd8 33. Ke2 b5 34. Ke3 Rd4 35. f4 Kd5 36. g4 c4 37. f5 exf5 38. gxf5 Rd3+ 39. Kf4 Rxh3 40. Rd1+ Rd3 41. Re1 c3 42. Re5+ Kc6 43. Re1 c2 44. Rc1 Rc3 45. Ke4 a5 46. a4 b4 47. Kd4 Rc5 48. f6 gxf6 49. Kd3 b3 50. Kd2 b2 51. Rxc2 b1Q 52. Rxc5+ Kxc5 53. Ke3 Qb4 54. Kd3 Qd4+ 55. Ke2 Qc3 56. Kf2 Kd4 57. Ke2 Qe3+ 58. Kf1 Qd2 59. Kg1 Ke3 60. Kh1 Kf3 61. Kg1 Qg2# 0-1